Sports Quiz

Random Sports or Olympics Quiz

2008 Olympic Sports Quiz Stats

 Plays Quiz Updated Jul 17, 2017

Support Sporcle.
Go Orange.
Score 0/32 Timer 08:00
0 Plays Today
% Correct
Athletics
95.2%
Swimming
94.1%
Basketball
83.7%
Football
82%
Gymnastics Artistic and Rhythmic
79%
Diving
72.5%
Tennis
72.4%
Baseball
71.4%
Archery
66.2%
Beach and Indoor Volleyball
63.8%
Table Tennis
61.7%
Cycling: BMX, Track, Road, & Mountain Bike
59.9%
Rowing
58.8%
Wrestling
56.5%
Shooting
55.4%
Badminton
53.2%
% Correct
Weightlifting
52.9%
Boxing
51.6%
Fencing
51.3%
Equestrian
49.5%
Water Polo
49%
Hockey
48%
Softball
47.9%
Judo
46%
Kayak: Flatwater and Slalom Canoe
45.1%
Handball
40.6%
Sailing
40%
Synchronized Swimming
37.1%
Taekwondo
29.2%
Triathlon
26.4%
Trampoline
21.3%
Modern Pentathlon
18.8%

From the Vault

Apple, Peaches, Pumpkin Pie

by DesertSpartan

This quiz is as American as... itself.
Remove Ads.
Support Sporcle.
Get the best of Sporcle when you Go Orange. This ad-free experience offers more features, more stats, and more fun while also helping to support Sporcle. Thank you for becoming a member.

Show Comments

Extras

Top Quizzes Today


Score Distribution

Your Account Isn't Verified!

In order to create a playlist on Sporcle, you need to verify the email address you used during registration. Go to your Sporcle Settings to finish the process.

Report this User

Report this user for behavior that violates our Community Guidelines.

Details: